Najwięksi streamerzy w Polsce - Statystyki

Ogólne statystyki
  • Ten quiz został rozwiązany 193 razy
  • Średni wynik to 5 z 20
Statystyki odpowiedzi
Pozycja w rankingu Streamer % Poprawnych
4 YOUNGMULTI
60%
2 EWROON
54%
15 POPO
44%
6 FRANIO
41%
12 JAPCZAN
41%
13 IZAKOOO
33%
3 VYSOTZKY
33%
9 LUKISTEVE
31%
17 XMERGHANI
25%
1 H2P_GUCIO
22%
16 PAGO3
22%
10 DIABLES
18%
8 PARISPLATYNOV
17%
5 XTHOREK
16%
19 PISICELA
12%
14 RYBSONLOL_
12%
11 KUBX
11%
7 GRENDY
8%
20 TAKUU_
6%
18 SLAYPROXX
3%
Nie znaleziono quizów pasujących do podanych kryteriów
Rozkład punktacji
Procent ludzi z każdym wynikiem
Percentyl według liczby udzielonych odpowiedzi
Twoja historia wyników
Nie rozwiązałeś tego quizu